Austrian agriculture: experience with the CAP and the anticipated effects of the EU's Eastern enlargement

Zmeny v rakúskom poľnohospodárstve a potravinárstve v dôsledku prispôsobovacieho procesu. Očakávané rozšírenie EÚ o krajiny SVE bude mať ešte väčšie dôsledky pre rakúske poľnohospodárstvo. Nutnosť venovať väčšiu pozornosť prihraničným regiónom.

Gespeichert in:
Bibliographische Detailangaben
1. Verfasser: Schneider, M.
Format: Buchkapitel
Sprache:Englisch
Schlagworte:
Tags: Tag hinzufügen
Keine Tags, Fügen Sie das erste Tag hinzu!

MARC

LEADER 00000naa a2200000 4500
001 r048260
005 20240717104340.0
041 0 |a eng 
044 |a CZ 
245 1 0 |a Austrian agriculture: experience with the CAP and the anticipated effects of the EU's Eastern enlargement  |c M. Schneider 
520 |a Zmeny v rakúskom poľnohospodárstve a potravinárstve v dôsledku prispôsobovacieho procesu. Očakávané rozšírenie EÚ o krajiny SVE bude mať ešte väčšie dôsledky pre rakúske poľnohospodárstvo. Nutnosť venovať väčšiu pozornosť prihraničným regiónom. 
610 2 0 |a politika poľnohospodárska 
610 2 0 |a politika hospodárska medzinárodná 
610 2 0 |a Európska únia 
610 2 0 |a Rakúsko 
610 2 0 |a SVE 
100 1 |a Schneider, M.